| 000 | 00410nam a22001697a 4500 | ||
|---|---|---|---|
| 003 | MACL | ||
| 005 | 20160115142639.0 | ||
| 008 | 160115b xxu||||| |||| 00| 0 eng d | ||
| 040 | _cMACL | ||
| 041 | _aEnglish | ||
| 082 | _a320/JAY | ||
| 100 |
_aJayashankar,K.K _932601 |
||
| 245 | _aConstitutional LAW | ||
| 260 |
_aDelhi _bPacific Books International _c2011 |
||
| 650 |
_aPolitics _932602 |
||
| 942 |
_2ddc _cBK |
||
| 999 |
_c52449 _d52449 |
||